Geografia po wskazówce - Statystyki

Ogólne statystyki
  • Ten quiz został rozwiązany 35 razy
  • Średni wynik to 8 z 20
Statystyki odpowiedzi
Odpowiedź % Poprawnych
Stolica Kazachstanu Astana
68%
Największe jezioro świata Morze Kaspijskie
61%
Które państwo ma najwięcej sąsiadów Rosja
61%
W tym roku Kolumb odkrył Ameryke 1492
58%
Najbardziej na północ stolica RPA Pretoria
58%
W tym kraju znajduje się wodospad Salto Angel Wenezuela
58%
Na jakim morzu leży Malta Śródziemnym
55%
Najmniejsze państwo w rogu Afryki Dżibuti
52%
Najwyższy szczyt całych Tatr Gerlach
52%
Największe miasto w Afryce Lagos
45%
Jedyne państwo w Ameryce Płn. która ma 3 słowa Antigua i Barbuda
39%
Stolica Bahrajnu Manama
35%
Najstarsze miasto w Polsce Złotoryja
35%
Stolica Malawi Lilongwe
29%
W tym kraju znajduje się najwyżej położone miasto na świecie Peru
29%
Stolicą tego państwa jest Roseau Dominika
26%
W jakim kraju znajdują się góry Trodos Cypr
19%
Który archipelag jest największy na ziemii Malajski
16%
Jaka waluta obowiązuje w Demokratycznej Republice Konga Frank
13%
Jaka gwiazda znajduję się na fladze Namibii Słońce
13%
Nie znaleziono quizów pasujących do podanych kryteriów
Rozkład punktacji
Procent ludzi z każdym wynikiem
Percentyl według liczby udzielonych odpowiedzi
Twoja historia wyników
Nie rozwiązałeś tego quizu